• 首页
  • 本馆介绍
  • 公告通知
  • 最新文献
  • 馆藏检索
  • 电子资源
  • 读者导购
  • 参考咨询
  • 我的图书馆
  • 登录
  • 详细信息显示
  • 放入我的书架
  • 预约/预借图书
  • 作者相关作品
  • 分类相关作品
  • 丛书相关作品
  • 出版社相关作品

书目信息

  • 表格格式
  • 工作单格式
  • 卡片格式
题名:
电力地理信息系统及其在配电网中的应用
    
 
作者: 孙才新 著
分册:  
出版信息: 北京   科学出版社  2003.03
页数: 219页
开本: 24cm
丛书名:
单 册:
中图分类: TM769
科图分类:
主题词: 电力系统--自动化
电子资源:
ISBN: 7-03-011055-2
000 00614nam0 2200193 450
001 0433478361
005 20040410091757.47
010    @a7-03-011055-2@dCNY29.00
100    @a20040410d2003 km y0chiy0120 ea
101 0  @achi
102    @aCN@b110000
200 1  @a电力地理信息系统及其在配电网中的应用@Adian li di li xin xi xi tong ji qi zai pei dian wang zhong de ying yong@f孙才新等著@Fsun cai xin deng zhu
210    @a北京@c科学出版社@d2003.03
215    @a219页@d24cm
606 0  @a电力系统@x自动化
690    @aTM769@v4
701  0 @a孙才新@Asun cai xin@4著
801  0 @aCN@bPFT@c20040410
905    @aBZT@dTM769@e1@f5
    
    电力地理信息系统及其在配电网中的应用/孙才新等著.-北京:科学出版社,2003.03
    219页;24cm
    
    
    ISBN 7-03-011055-2:CNY29.00
    
●
相关链接 在五车中查询图书 在当当中查询图书 在豆瓣中查询图书


正题名:电力地理信息系统及其在配电网中的应用     索取号:TM769/1         预约/预借

序号 登录号 条形码 馆藏地/架位号 状态 备注
1 0362558   230081914   中心书库中库/ 中库029架A面3列5层2/ [索取号:TM769/1] 在馆    
2 0362559   230081913   中心书库中库/ 中库029架A面3列5层1/ [索取号:TM769/1] 在馆    
3 0362560   230081915   中心书库中库/ 中库029架A面3列5层3/ [索取号:TM769/1] 在馆    
4 0362561   230081916   中心书库中库/ 中库029架A面3列5层4/ [索取号:TM769/1] 在馆    
5 2001740076   2001740076   样本书库/样005架A面1层3列/ [索取号:TM769/1] 在馆    
山东省滨州职业学院图书馆 欢迎您!
大连网信软件有限公司© 版权所有